Score 0/40 Timer 08:00
7 Plays Today
Description Monarch % Correct
English Reformation, six wives, obeseHenry VIII
90.3%
Virgin Queen, Armada, Mary Queen of ScotsElizabeth I
89.9%
Empress of India, nine children, Prince AlbertVictoria
88.3%
Crusades, LionheartRichard I
88.3%
Break up of Empire, 'annus horribilis,' Princess DianaElizabeth II
86.7%
World War II, stammerGeorge VI
86%
American Revolutionary War, madness, French RevolutionGeorge III
83.1%
1066, Domesday Book, Christmas DayWilliam I
80.8%
English Civil War, beheadedCharles I
80.4%
Abdicated, Wallis SimpsonEdward VIII
78.7%
Magna Carta, Lackland, excommunicationJohn
78.4%
First Tudor, Lambert SimnelHenry VII
78.4%
Bosworth Field, Shakespearean villainRichard III
77.4%
Parliament Act, World War IGeorge V
77.3%
Gunpowder Plot, wisest fool in Christendom, Union of the CrownsJames I
70.4%
Catholic, burnings, lost CalaisMary I
70%
Longshanks, Hammer of the ScotsEdward I
69.4%
Curtmantle, Thomas Becket, Eleanor of AquitaineHenry II
67.3%
Merry Monarch, Great Fire of London, Nell GwynCharles II
65.1%
Agincourt, Lollards, Southampton PlotHenry V
63.1%
Description Monarch % Correct
South Sea Bubble, Sir Robert Walpole, HanoverGeorge I
60.9%
Prayer Book Rebellion, boy king, Somerset and NorthumberlandEdward VI
58.9%
Baby, insanity, Wars of the RosesHenry VI
58.8%
Black Death, Black Prince, Hundred Years WarEdward III
58.4%
Prince in the Tower, Duke of Gloucester, fate unknownEdward V
57.4%
Regency, obesity, Brighton PavilionGeorge IV
57.4%
Anarchy, Matilda, BristolStephen
56.1%
Bannockburn, Piers Gaveston, red hot pokerEdward II
54.9%
Glorious Revolution, Battle of the Boyne, Convention ParliamentWilliam III and Mary II
53.8%
Rufus, St Anselm, New ForestWilliam II
50.5%
Sailor King, abolition of slavery, Great Reform ActWilliam IV
49.3%
Owain Glyndwr, Bolingbroke, skin diseaseHenry IV
49%
Seven Years' War, Bonnie Prince CharlieGeorge II
49%
Yorkist, 6ft 4, Duke of ClarenceEdward IV
48.8%
Act of Union, War of the Spanish SuccessionAnne
47%
'Uncle of Europe,' fat, homburgEdward VII
44.5%
Wat Tyler, Peasants' Revolt, Pontefract CastleRichard II
41.4%
Monmouth Rebellion, Declaration of Indulgence, deposedJames II
41%
Simon de Montfort, Barons' Wars, anti-Jewish decreesHenry III
40.8%
Beauclerc, Charter of Liberties, Robert CurthoseHenry I
40.5%

You're not logged in!

Compare scores with friends on all Sporcle quizzes.
OR
Log In

Sporcle TV

Today on Sporcle TV


Watch our educational content, quiz creation guides, and fun videos on Sporcle TV.

Show Comments

Extras

Top Quizzes Today


Score Distribution

Paid Content

Your Account Isn't Verified!

In order to create a playlist on Sporcle, you need to verify the email address you used during registration. Go to your Sporcle Settings to finish the process.

Report this User

Report this user for behavior that violates our Community Guidelines.

Details: